LEADER 01067nam0 2200277 450 001 000023317 005 20090904104403.0 100 $a20081124d1962----km-y0itaa50------ba 101 0 $aeng 102 $aUS 200 1 $aFail-safe$fby Eugene Burdick & Harvey Wheeler 210 $aNew York$cMcGraw-Hill$dc1962 215 $a286 p.$d22 cm. 676 $a813.54$v(21 ed.)$9Narrativa americana in lingua inglese. 1945-1999 700 1$aBurdick,$bEugene$0444116 701 1$aWheeler,$bHarvey$044326 801 0$aIT$bUniversità della Basilicata - B.I.A.$gRICA$2unimarc 912 $a000023317 996 $aFail-safe$991325 997 $aUNIBAS BAS $aLETTERE CAT $aSTD070$b01$c20081124$lBAS01$h1629 CAT $aATR$b20$c20090904$lBAS01$h1044 FMT Z30 -1$lBAS01$LBAS01$mBOOK$1BASA1$APolo Storico-Umanistico$2FAA$BFondo anglo-americano$3FM/2531$62531$5L2531$820081124$f04$FPrestabile Didattica Z30 -1$lBAS01$LBAS01$mBOOK$1BASA1$APolo Storico-Umanistico$2FAA$BFondo anglo-americano$3FM2530$62530$5L2530$820081124$f04$FPrestabile Didattica